000 00550nam a2200169Ia 4500
005 20250508162038.0
008 008 250505s9999 xx 000 0 hin d
037 _aBooks to be hide in OPAC
040 _aFEDL
_beng
_cFEDL
041 _ahin
_2eng
084 _a370.19, IND/O
_qFEDL
245 0 _aGram vikas ke liye shiksha ka prabandhan, Gram vikas ke liye shiksha per uccha satriya karyasala ki report New Delhi, 17-26 March, 1977
260 _c1980
300 _a87p.
942 _cHB
_h370.19, IND/O
999 _c1374036
_d1374036